000 00378pab a2200157 454500
008 180718b2012 xxu||||| |||| 00| 0 eng d
245 _aThe problem
260 _c2012
300 _ap.12-13.
362 _aSep
650 _aEconomic and social development - India - Kerala
650 _aEconomic and social development
773 _aSeminar
908 _aN
909 _a97739
999 _c97738
_d97738